Central Library OPAC University of Rajshahi

Population theory and policy : (Record no. 34029)

MARC details
000 -LEADER
fixed length control field 00904nam a2200289 a 4500
001 - CONTROL NUMBER
control field 34029
003 - CONTROL NUMBER IDENTIFIER
rucl marc code BD-RjUL
005 - DATE AND TIME OF LATEST TRANSACTION
control field 20211209052109.0
008 - FIXED-LENGTH DATA ELEMENTS--GENERAL INFORMATION
fixed length control field 140512t1956 ilua b 000 0 eng u
020 ## - INTERNATIONAL STANDARD BOOK NUMBER
International Standard Book Number 0136871526
International Standard Book Number 0136871453 (pbk.)
035 ## - SYSTEM CONTROL NUMBER
System control number (BD-RjUL)34123
040 ## - CATALOGING SOURCE
Original cataloging agency MAL
Modifying agency m.c.
-- OCL
-- BD-RJUL
Language of cataloging eng
Transcribing agency DLC
041 ## - LANGUAGE CODE
Language code of text/sound track or separate title eng
082 ## - DEWEY DECIMAL CLASSIFICATION NUMBER
Classification number 301.3
Classification number 312.082
Author mark and year SPP 1956
100 1# - MAIN ENTRY--PERSONAL NAME
Personal name Spengler, Joseph J.
Fuller form of name (Joseph John),
Dates associated with a name 1902-1991
9 (RLIN) 102029
245 10 - TITLE STATEMENT
Title Population theory and policy :
Remainder of title selected readings /
Statement of responsibility, etc. edited by Joseph J. Spengler and Otis Dudley Duncan
260 ## - PUBLICATION, DISTRIBUTION, ETC. (IMPRINT)
Place of publication, distribution, etc. Glencoe, Ill :
Name of publisher, distributor, etc. Free Press,
Date of publication, distribution, etc. 1956.
300 ## - PHYSICAL DESCRIPTION
Pagination x, 522 p. ;
Illustrations ill. ;
Size 24 cm
504 ## - BIBLIOGRAPHY, ETC. NOTE
Bibliography, etc Includes bibliographical references
650 #0 - SUBJECT ADDED ENTRY--TOPICAL TERM
Topical term or geographic name as entry element Population
General subdivision Collections
9 (RLIN) 103430
700 1# - ADDED ENTRY--PERSONAL NAME
Personal name Duncan, Otis Dudley.
942 ## - ADDED ENTRY ELEMENTS (KOHA)
Source of classification or shelving scheme Dewey Decimal Classification
Koha item type Books
Holdings
Lost status Source of classification or shelving scheme Damaged status Not for loan Collection code Permanent Location Current Location Shelving location Date acquired Source of acquisition Cost, normal purchase price Total Checkouts Full call number Date last seen Copy number Koha item type
  Dewey Decimal Classification     Non-fiction Central Library, University of Rajshahi Central Library, University of Rajshahi   21/06/1963 zeithinger 56.00   301.3 SPP 1956 12/05/2014 C-1 Books
  Dewey Decimal Classification     Non-fiction Central Library, University of Rajshahi Central Library, University of Rajshahi   15/05/2014       304.6 SPP 1963 15/05/2014 C-2 Books